| 000 | 01068nac a22002777a 4500 | ||
|---|---|---|---|
| 001 | BR8103575 | ||
| 003 | BR-BrBNA | ||
| 005 | 20240105115007.0 | ||
| 008 | 230509b bl.|||m| |||| 00| 0 por d | ||
| 040 |
_aBR-BrBNA _bpor _cBiblioteca Nacional de Agricultura |
||
| 072 | _aE15; F00 | ||
| 090 | _aE15 BR8103575 | ||
| 110 | 1 |
_aFundacao Instituto Brasileiro de Geografia e Estatistica, Rio de Janeiro, RJ. Comissao Especial de Planejamento, Controle e Avaliacao das Estatisticas Agropecuarias _94933 |
|
| 245 | 1 | _aLevantamento sistematico da producao agricola, outubro 1981. Pesquisa mensal de previsao e acompanhamento das safras agricolas no ano civil [Brasil] | |
| 260 | 3 |
_aNiteroi, RJ (Brasil): _c1981. |
|
| 300 | _a44 p. | ||
| 490 |
_aLevantamento Sistematico da Producao Agricola (Brazil) _v _x |
||
| 500 | _aNumerical data | ||
| 650 | _aMicroeconomia | ||
| 650 | _aProducao vegetal | ||
| 650 | _aSafra | ||
| 650 | _aPrevisao de safra | ||
| 650 | _aEstatistica de producao | ||
| 909 |
_a202312 _bLúcia Elande _c55 _dLúcia Elande |
||
| 942 |
_2AGRIS _n0 _cMS |
||
| 999 |
_c272449 _d272449 |
||